Cuvai. (Record no. 68846)

MARC details
000 -LEADER
fixed length control field 00531cam a22002291 4500
001 - CONTROL NUMBER
control field sa 66003370
003 - CONTROL NUMBER IDENTIFIER
control field DLC
005 - DATE AND TIME OF LATEST TRANSACTION
control field 20260227112235.0
008 - FIXED-LENGTH DATA ELEMENTS--GENERAL INFORMATION
fixed length control field 890328s1962 xx 000 0 tam
010 ## - LIBRARY OF CONGRESS CONTROL NUMBER
LC control number sa 66003370
035 ## - SYSTEM CONTROL NUMBER
System control number (OCoLC)23549938
040 ## - CATALOGING SOURCE
Original cataloging agency DLC
Transcribing agency MiU
Modifying agency DLC
042 ## - AUTHENTICATION CODE
Authentication code premarc
050 00 - LIBRARY OF CONGRESS CALL NUMBER
Classification number PL4758.6
Item number .I7
100 1# - MAIN ENTRY--PERSONAL NAME
Personal name Irācēntiran̲, Ma.
Relator term comp.
245 10 - TITLE STATEMENT
Title Cuvai.
260 ## - PUBLICATION, DISTRIBUTION, ETC.
Date of publication, distribution, etc. [1962]
300 ## - PHYSICAL DESCRIPTION
Extent 9, 75 p.
Other physical details port.
Dimensions 18 cm.
500 ## - GENERAL NOTE
General note In Tamil.
500 ## - GENERAL NOTE
General note Poems.
650 #0 - SUBJECT ADDED ENTRY--TOPICAL TERM
Topical term or geographic name entry element Tamil poetry

No items available.

Powered by Koha